| 000 | 00374nam a2200133Ia 4500 | ||
|---|---|---|---|
| 005 | 20260326235444.0 | ||
| 008 | 260326s9999||||xx |||||||||||||| ||und|| | ||
| 100 | _aGamble, Robert S. | ||
| 245 | 0 |
_aPuerto Plata : _b La Conservacion de una Ciudad inventario| / _cRobert S. Gamble |
|
| 260 | _bAlfa y Omega | ||
| 300 | _a586 p. | ||
| 650 | _aARQUITECTURA REGIONAL | ||
| 942 | _cBK | ||
| 999 |
_c7504 _d7504 |
||